平成に消滅・改称した千葉県の市町村 - Statistics

General Stats
  • This quiz has been taken 38 times
  • The average score is 24 of 34
Answer Stats
変更年月日 変更内容 回答 変更後の市町村 % Correct
2006.03/27 新設合併 光町 横芝光町
96%
2006.03/27 新設合併 横芝町 横芝光町
96%
2006.03/27 新設合併 佐原市 香取市
93%
2003.06/06 編入合併 関宿町 野田市
89%
2006.01/23 新設合併 八日市場市 匝瑳市
89%
2005.12/05 新設合併 大原町 いすみ市
85%
2006.03/27 新設合併 成東町 山武市
85%
2010.03/23 編入合併 印旛村 印西市
85%
2005.02/11 新設合併 鴨川市 鴨川市
81%
2005.07/01 新設合併 旭市 旭市
81%
2005.07/01 新設合併 飯岡町 旭市
78%
2005.12/05 新設合併 夷隅町 いすみ市
78%
2010.03/23 編入合併 本埜村 印西市
78%
2005.03/28 編入合併 沼南町 柏市
74%
2006.03/20 新設合併 千倉町 南房総市
74%
2005.02/11 新設合併 天津小湊町 鴨川市
70%
2006.03/20 新設合併 富浦町 南房総市
67%
2006.03/27 新設合併 小見川町 香取市
67%
2005.12/05 新設合併 岬町 いすみ市
63%
2006.03/20 新設合併 白浜町 南房総市
63%
2006.03/27 新設合併 山田町 香取市
63%
2006.03/27 新設合併 山武町 山武市
63%
2005.07/01 新設合併 干潟町 旭市
59%
2005.07/01 新設合併 海上町 旭市
59%
2006.03/27 編入合併 大栄町 成田市
59%
2006.03/27 新設合併 栗源町 香取市
59%
2006.03/27 新設合併 蓮沼村 山武市
59%
2006.03/27 新設合併 松尾町 山武市
59%
2006.01/23 新設合併 野栄町 匝瑳市
56%
2006.03/20 新設合併 和田町 南房総市
56%
2006.03/27 編入合併 下総町 成田市
52%
2006.03/20 新設合併 富山町 南房総市
48%
2006.03/20 新設合併 三芳村 南房総市
44%
2006.03/20 新設合併 丸山町 南房総市
37%
No matching quizzes found
Score Distribution
Percent of People with Each Score
Percentile by Number Answered
Your Score History
You have not taken this quiz